000 01286cam a22003857a 4500
003 CHAP
005 20220329133018.0
008 971013s1988 r 00010 d
010 _a1271
011 _a2243
035 _a1436
040 _cCHAP
082 _a630.24
_bT4 1988-89
100 0 0 _aThomson, William T.
_9112956
245 0 _aAgricultural chemicals
250 _aEd. rev.
260 _aFresno, Ca. :
_bThomson,
_c1988
300 _av.
500 _aLa biblioteca tiene : v.3 Fumigants, growth regulator, repellents, and rodenticidas
590 _aBATCH-UPD
_b10
_c20130110
_lUCH01
_h0330
590 _aBATCH-UPD
_b10
_c20130110
_lUCH01
_h1630
590 _aBATCH-UPD
_b10
_c20130410
_lUCH01
_h0003
590 _aBATCH-UPD
_b10
_c20130914
_lUCH01
_h1449
590 _aCONVERSION
_b10
_c20130109
_lUCH01
_h1302
650 1 4 _aFumigantes.
_943951
650 1 4 _aFungicidas.
_944044
650 1 4 _aHerbicidas.
_953691
650 1 4 _aInsecticidas.
_958855
650 1 4 _aPlantas
_xCrecimiento
_xAditivos.
_988804
650 1 4 _aQuímica agrícola.
_993576
901 _aBK
942 _cLIBRO
949 _a630.24 T4 1988-89
_bBC
_cLIBRO
_d33724000029682
_eLIBRO
_fv.3
_h77992
_i1436
_si
_t85.90
949 _a630.24 T4 1988-89
_bBC
_cLIBRO
_d33724000564548
_eLIBRO
_fv.3c.2
_h78559
_i1436
_si
_t85.90
999 _c1271
_d1271